000 00619nam a2200205Ii 4500
003 JO-AjNU
008 230605s9999||||xx |||||||||||||| ||und||
040 _aJO-AjNU
_bara
_erda
_cJO-AjNU
041 _aara
050 1 4 _aTT515 1991
100 3 _aاعداد قنواتي، زاهية ,
_eauthor
_98692
245 0 0 _aدليل الحياكة والحبكة
250 _aط1
264 3 1 _aبيروت: الدار العربية للعلوم ، 1991
300 _a103ص
336 _atext
_btxt
_2rdacontent
337 _aunmediated
_bn
_2rdamedia
338 _avolume
_bnc
_2rdacarrier
650 4 _aالحياكة
_98693
999 _aA919
_c4487
_d4487